Statistics for 100 Biggest Cities in New Zealand

Click here to take the quiz!

General Stats

  • This quiz has been taken 46 times
  • The average score is 44 of 100

Answer Stats

Population Includes City / Town % Correct
1,638,800Hibiscus Coast, Waiheke Island,
Beachlands, Huapai
Auckland
100%
407,600Kaiapoi, Lyttelton, Prebbleton, WoodendChristchurch
100%
418,500Upper Hutt, Lower Hutt, PoriruaWellington
100%
63,900Napier
78%
122,000MosgielDunedin
78%
24,700Taupō
74%
59,500NgongotahaRotorua
74%
51,200Invercargill
74%
89,500AshhurstPalmerston North
74%
203,100Hamilton
74%
141,600Papamoa, OmokoroaTauranga
74%
67,500RichmondNelson
70%
29,100Timaru
70%
31,600RenwickBlenheim
70%
40,900Wanganui
67%
70,600Havelock NorthHastings
67%
19,540Lake HayesQueenstown
67%
58,300New Plymouth
67%
58,800Whangarei
67%
9,700Greymouth
67%
37,200Gisborne
63%
4,350Picton
63%
42,700Paraparaumu, WaikanaeKapiti Coast
59%
2,150Kaikōura
59%
19,750Ohope BeachWhakatāne
59%
9,910Gore
56%
5,860Kaitāia
56%
31,400Pukekohe
56%
20,200Ashburton
56%
22,200Masterton
56%
20,600Cambridge
56%
12,150Hāwera
52%
2,140Te Anau
52%
4,890Warkworth
52%
5,160Cromwell
52%
7,350Thames
52%
13,950Oamaru
48%
21,200Levin
48%
5,180Dargaville
48%
5,740Stratford
48%
3,320Tūrangi
44%
3,960Westport
44%
4,410Paeroa
44%
17,500KihikihiTe Awamutu
44%
5,150Waihi
44%
2,100Wellsford
44%
5,510Alexandra
44%
8,890Wānaka
44%
7,520Kerikeri
44%
8,150Huntly
44%
5,080Whitianga
41%
3,310Raglan
41%
5,360Dannevirke
41%
4,710Katikati
41%
7,870Morrinsville
41%
7,920Matamata
41%
8,450Motueka
41%
14,050Tokoroa
41%
2,500Geraldine
37%
3,150Helensville
37%
3,960Whangamatā
37%
8,350Te Puke
37%
4,950Marton
37%
9,780Waiuku
37%
3,590Hokitika
37%
6,100Lincoln
37%
4,320Ōpōtiki
37%
3,990Balclutha
33%
16,850Feilding
33%
4,720Foxton
33%
4,350Te Aroha
33%
4,640Te Kuiti
33%
6,410Ōtaki
33%
2,950Arrowtown
30%
2,380Greytown
30%
2,480Featherston
26%
2,170Oxford
26%
2,220Waihi Beach
26%
18,300Rangiora
26%
5,320Carterton
26%
4,560Kaikohe
26%
4,290Wairoa
26%
4,370Temuka
22%
2,750Ōtorohanga
22%
6,580Ngāruawāhia
19%
5,040Snells Beach
19%
3,630Inglewood
19%
2,570Pahiatua
15%
4,100Putāruru
15%
2,370Winton
15%
2,230Darfield
15%
2,160Waipawa
15%
7,080Kawerau
15%
4,720Taumarunui
15%
2,890Waimate
11%
4,220Waipukurau
11%
7,040Waitara
11%
16,250Rolleston
11%
2,270Mapua
7%
2,360Wakefield
4%

Score Distribution

Percentile by Number Answered

Percent of People with Each Score

Your Score History

You have not taken this quiz